Culture Générale - Série 56 - Statistiques

Statistiques générales
  • Ce quiz a été pris 811 fois
  • Le résultat moyen est 3 sur 10
Statistiques - réponses
Question Réponse % Correct
Qu'est-ce qu'un katana ? Sabre
89%
Qu'est-ce qu'un engoulevent ? Oiseau
34%
Qu'est-ce qu'un cédrat ? Fruit
27%
Qu'est-ce qu'une venelle ? Ruelle
26%
Qu'est-ce qu'une menorah ? Chandelier
22%
Qu'est-ce qu'un conure (oiseau) ? Perroquet
19%
Salem est un village des Etats Unis connu pour ses sorcières. Dans quel état est-il situé ? Massachusetts
14%
Comme appelle-t-on la zone maritime tantôt couverte et tantôt découverte par la marée ? Estran
11%
Pupitre servant dans les églises à supporter les livres de chant ou les livres liturgiques Lutrin
11%
Comment appelle-t-on également la bernique ,mollusque à coquille conique comestible ? Patelle
7%
Aucun quiz correspondant
Distribution des résultats
% des personnes avec chaque résultat
Percentile par nombre de réponses
Votre historique - résultats
Vous n’avez pas pris ce quiz